000 00264nam a22001217a 4500
008 181101b xxu||||| |||| 00| 0 eng d
041 _aeng
080 _a159.9
100 _a49
101 _aPSI
245 _aThe Physiological Clock
_cErwin.B
942 _2udc
_cBK
999 _c51437
_d51437